Nho học với văn học Việt Nam /

Uloženo v:
Podrobná bibliografie
Hlavní autor: Mã Khắc Thừa.
Médium: Článek
Jazyk:Vietnamese
Tagy: Přidat tag
Žádné tagy, Buďte první, kdo otaguje tento záznam!
Thư viện lưu trữ: Thư viện Trường Đại học Đà Lạt
LEADER 00710nam a2200229 4500
001 DLU120139985
005 ##20120821
040 # # |a DLU  |b vie 
041 # # |a vie 
044 # # |a vn 
100 # # |a Mã Khắc Thừa. 
245 # # |a Nho học với văn học Việt Nam /  |c Mã Khắc Thừa. 
773 # # |t Việt Nam học: Kỷ yếu Hội thảo quốc tế lần thứ nhất, Hà Nội 15-17.7.1998.tập II  |g 2000, tr. 220-230 
920 # # |a Phòng Tạp chí -- Trung tâm Thông tin - Thư viện Trường Đại học Đà Lạt 
994 # # |a DLU 
900 # # |a True 
911 # # |a Lý Thị Hồng Hạnh 
925 # # |a G 
926 # # |a A 
927 # # |a BB 
980 # # |a Thư viện Trường Đại học Đà Lạt